• 首页
  • 本馆介绍
  • 公告通知
  • 最新文献
  • 馆藏检索
  • 电子资源
  • 读者导购
  • 参考咨询
  • 我的图书馆
  • 登录
  • 详细信息显示
  • 放入我的书架
  • 预约/预借图书
  • 作者相关作品
  • 分类相关作品
  • 丛书相关作品
  • 出版社相关作品

书目信息

  • 表格格式
  • 工作单格式
  • 卡片格式
题名:
鲁迅的生命哲学
    
 
作者: 王乾坤 著
分册:  
出版信息: 北京   人民文学出版社  1999.07
页数: 343页
开本: 32开
丛书名: 猫头鹰学术文丛
单 册:
中图分类: I210.96
科图分类:
主题词: 文学--作品集--中国
电子资源:
ISBN: 7-02-002944-2
000 00661nam0 2200229 45
001 0204230979
005 20031219104055.0
010    @a7-02-002944-2@dCNY18.60
100    @a20020423d1999 km y0chiy0120 ea
101 0  @achi
105    @ac z 000yy
200 1  @a鲁迅的生命哲学@ALu Xun De Sheng Ming Zhe Xue@f王乾坤著@FWang Qian Kun Zhu
210    @a北京@c人民文学出版社@d1999.07
215    @a343页@c肖像@d32开
225    @a猫头鹰学术文丛
410    @12001 @a猫头鹰学术文丛
600  0 @a鲁迅@x生命哲学@x研究
606 0  @a文学@x作品集@x中国
690    @aI210.96@v4
701    @a王乾坤@4著
801    @aCN@bTSTC@c20020423
905    @b309156@dI210.96@e180@f1
    
    鲁迅的生命哲学/王乾坤著.-北京:人民文学出版社,1999.07
    343页:肖像;32开.-(猫头鹰学术文丛)
    
    
    ISBN 7-02-002944-2:CNY18.60
    
●
相关链接 在E读中查询图书 在五车中查询图书 在当当中查询图书 在豆瓣中查询图书


正题名:鲁迅的生命哲学     索取号:I210.96/180         预约/预借

序号 登录号 条形码 馆藏地/架位号 状态 备注
1 0309156   203091563   第一样本阅览室/ [索取号:I210.96/180] 在馆    
2 0312961   203129612   第二借阅区/ [索取号:I210.96/180] 在馆    
3 0312962   203129621   第二借阅区/ [索取号:I210.96/180] 在馆    
4 0312963   203129630   第二借阅区/ [索取号:I210.96/180] 在馆    
5 0312964   203129649   第二借阅区/ [索取号:I210.96/180] 在馆    
6 0312965   203129658   第二借阅区/ [索取号:I210.96/180] 已借出,限还日期为2026.05.25
借出人:李翠姣  
 
唐山师范学院图书馆 欢迎您!
大连网信软件有限公司© 版权所有